Nazionali qualificate solo una volta agli Europei - Statistics

Statistiche generali
  • Questo quiz è stato fatto 20 volte
    7 dall'ultimo reset
  • Il punteggio medio è 3 su 7
Statistiche sulle risposte
Edizione in cui ha partecipato Nazionale % Corretto
2016 Islanda
67%
2020 Macedonia del Nord
67%
2020 Finlandia
33%
2024 Georgia
33%
2016 Irlanda del Nord
33%
2004 Lettonia
33%
2000 Norvegia
17%
Nessun quiz corrispondente trovato
Distribuzione punteggi
Percentuale di utenti per punteggio
Percentile per numero di risposta
I tuoi punteggi nel tempo
Non hai fatto questo quiz dall'ultimo reset